000 00616nam a2200181 a 4500
001 000047453
005 20201002060540.0
008 130708s2016 dr c 000 0 spa d
020 _a9789945131895
040 _aDO-SdBNP
_bspa
_cBNPHU
082 _axxx
_bC352
100 1 _aCastillo Díaz, Rafael Nelio
_d1952-
_975086
245 1 0 _aTábara arriba...su historia :
_b1975-2015 /
_cRafael Nelio Castillo Díaz.
260 _aSanto Domingo :
_bMediabyte,
_c2016.
300 _a59 p. ; :
_bretrs. ;
_c22 cm.
500 _aIncluye datos biográficos del autor en la solapa de la cubierta
590 _aInventariado, 2018/ YL
999 _c46941
_d46941